| 000 | 00690cab a2200229 4500 | ||
|---|---|---|---|
| 001 | WB3219-40 | ||
| 008 | 090401t1996 xxu||||| |||| 00| 0 eng d | ||
| 035 | _a(Sirsi) u1823 | ||
| 041 | _aeng | ||
| 245 | _aRecovery boosts spending | ||
| 260 | _c1996 | ||
| 350 | _a0 | ||
| 490 |
_aFinancial Times _v14 May 1996, 10(1) |
||
| 520 | _aRecovery in the housing market is stimulating high street spending, according to the British Retail Consortium. | ||
| 650 | _aBRITISH RETAIL CONSORTIUM | ||
| 650 | _aCONSUMER SPENDING | ||
| 650 | _aHOUSING MARKET | ||
| 650 | _aRETAILING | ||
| 690 | _aPROPERTY-RESIDENTIAL PROPERTY-RESIDENTIAL PROPERTY MARKET | ||
| 942 | _n0 | ||
| 948 | _c04/03/1997 | ||
| 999 |
_c1055 _d1055 |
||